Hồ Chí Minh từ nhận thức lịch sử đến hành động cách mạng
Gorde:
| Egile nagusia: | |
|---|---|
| Formatua: | Liburua |
| Hizkuntza: | Undetermined |
| Argitaratua: |
Hà Nội
Chính trị quốc gia
2014
|
| Gaiak: | |
| Etiketak: |
Etiketa erantsi
Etiketarik gabe, Izan zaitez lehena erregistro honi etiketa jartzen!
|
| Thư viện lưu trữ: | Trung tâm Học liệu Trường Đại học Cần Thơ |
|---|
| LEADER | 00623nam a2200193Ia 4500 | ||
|---|---|---|---|
| 001 | CTU_194372 | ||
| 008 | 210402s9999 xx 000 0 und d | ||
| 020 | |c 51000 | ||
| 082 | |a 959.704092 | ||
| 082 | |b L305 | ||
| 100 | |a Phan, Ngọc Liên | ||
| 245 | 0 | |a Hồ Chí Minh từ nhận thức lịch sử đến hành động cách mạng | |
| 245 | 0 | |c Phan Ngọc Liên | |
| 260 | |a Hà Nội | ||
| 260 | |b Chính trị quốc gia | ||
| 260 | |c 2014 | ||
| 650 | |a Ho Chi Minh,Communists,Vietnam | ||
| 650 | |x Biography,Biography,History | ||
| 980 | |a Trung tâm Học liệu Trường Đại học Cần Thơ | ||